000 00236 a2200109 4500
001 68598
040 _cAnchieta - Itaigara
240 1 0 _aAs marcas do Islã
_l
245 1 0 _aAs marcas do Islã
650 4 _aGeografia e viagens
942 _cMX
999 _c68598
_d68598